000
00249nam a2200097Ia 4500
008
220204s9999 xx 000 0 und d
082
_a
91(540)
_b
IND
245
0
_a
Gazetteer of India. 2 V
260
_a
Fardabad
_b
Publication Division
_c
1973
942
_c
BK
999
_c
22916
_d
22916